Statystyki dla Narodowe linie lotnicze: Oceania

Kliknij tutaj aby rozwiązać quiz!

Ogólne statystyki

  • Ten quiz został rozwiązany 9 razy
  • Średni wynik to 6 z 11

Statystyki odpowiedzi

PaństwoLinia lotnicza% Poprawnych
Nowa ZelandiaAir New Zealand
100%
AustraliaQantas
100%
FidżiFiji Airways
80%
VanuatuAir Vanuatu
60%
NauruNauru Airlines
60%
KiribatiAir Kiribati
40%
Polinezja FrancuskaAir Tahiti Nui
40%
SamoaSamoa Airways
40%
Wyspy SolomonaSolomon Airlines
40%
Nowa KaledoniaAircalin
20%
Papua Nowa-GwineaAir Niugini
0%

Rozkład punktacji

Percentyl według liczby udzielonych odpowiedzi

Procent ludzi z każdym wynikiem

Twoja historia wyników

Nie rozwiązałeś tego quizu